Career's Mental ability tests : (Record no. 61962)
[ view plain ]
| 000 -LEADER | |
|---|---|
| fixed length control field | 00565nam a22001697a 4500 |
| 005 - DATE AND TIME OF LATEST TRANSACTION | |
| control field | 20190515145733.0 |
| 008 - FIXED-LENGTH DATA ELEMENTS--GENERAL INFORMATION | |
| fixed length control field | 120204t xxu||||| |||| 00| 0 eng d |
| 020 ## - INTERNATIONAL STANDARD BOOK NUMBER | |
| Terms of availability | 100.00 |
| 035 ## - SYSTEM CONTROL NUMBER | |
| System control number | B-224006 B-224031, B-224000 |
| 040 ## - CATALOGING SOURCE | |
| Original cataloging agency | DPL |
| Language of cataloging | ENG |
| 100 ## - MAIN ENTRY--PERSONAL NAME | |
| Personal name | Malhotra, A. M. |
| 9 (RLIN) | 40800 |
| 245 ## - TITLE STATEMENT | |
| Title | Career's Mental ability tests : |
| Remainder of title | For UPSC Civil services' (Prel.) / |
| Statement of responsibility, etc | by A.M. Malhotra and P. S. Bright |
| 260 ## - PUBLICATION, DISTRIBUTION, ETC. (IMPRINT) | |
| Place of publication, distribution, etc | New Delhi |
| Name of publisher, distributor, etc | Bright Publications |
| 300 ## - PHYSICAL DESCRIPTION | |
| Extent | viii, 168p. |
| Dimensions | 22 cms. |
| 700 ## - ADDED ENTRY--PERSONAL NAME | |
| Personal name | Bright, P.S. |
| 9 (RLIN) | 40801 |
| 942 ## - ADDED ENTRY ELEMENTS (KOHA) | |
| Source of classification or shelving scheme | Dewey Decimal Classification |
| Item type | English Books |
| Classification part | 000 |
| Call number suffix | MAL |
| Withdrawn status | Lost status | Source of classification or shelving scheme | Damaged status | Not for loan | Collection code | Home library | Current library | Shelving location | Date acquired | Cost, normal purchase price | Total Checkouts | Full call number | Barcode | Date last seen | Cost, replacement price | Koha item type | Source of acquisition | Copy number |
|---|---|---|---|---|---|---|---|---|---|---|---|---|---|---|---|---|---|---|
| Dewey Decimal Classification | Non-fiction | Kasturba Gandhi Marg | Kasturba Gandhi Marg | 15/05/2019 | 100.00 | 000 MAL | B-224000 | 15/05/2019 | English Books | BPPD/PUB | 1 | |||||||
| Dewey Decimal Classification | Non-fiction | R.C.Libraries (zls) | R.C.Libraries (zls) | 16/11/2018 | 100.00 | 000 MAL | B-224031 | 16/11/2018 | 100.00 | English Books | ||||||||
| Dewey Decimal Classification | Non-fiction | Sarojini Nagar | Sarojini Nagar | General Stacks | 04/02/2012 | 100.00 | 000 MAL | B-224006 | 04/02/2012 | 100.00 | English Books | |||||||
| Dewey Decimal Classification | Non-fiction | Sarojini Nagar | Sarojini Nagar | General Stacks | 07/02/2012 | 100.00 | 000 MAL | B-224010 | 07/02/2012 | 100.00 | English Books | |||||||
| Dewey Decimal Classification | Non-fiction | Sarojini Nagar | Sarojini Nagar | General Stacks | 07/02/2012 | 340.00 | 000 LAL | B-131798 | 07/02/2012 | 340.00 | English Books |
